| 000 | 01072cam a22002651i 4500 | ||
|---|---|---|---|
| 003 | SA-RiAUC | ||
| 005 | 20260111123537.0 | ||
| 008 | 260108s2006 su g b 000 0bara c | ||
| 020 | _a9660529436 | ||
| 040 |
_aSA-JeALM _bara _cSA-RiAUC _erda |
||
| 082 | 0 | 4 | _a239 |
| 090 |
_a239 _bش ن ق |
||
| 100 | 1 |
_aالشنقيطي، محمد حبيب الله محمد ، _d1295-1363 هجري _eمؤلف. |
|
| 245 | 1 | 2 |
_aالمعصوم صلى الله عليه وسلم / _cمحمد حبيب الله محمد الشنقيطي. |
| 250 | _aالطبعة الأولى. | ||
| 264 | 1 |
_aمكة المكرمة : _bدار خضر للنشر والتوزيع، _c2006 |
|
| 300 |
_a93 صفحة ؛ _c20 سم. |
||
| 336 |
_aنص _btxt _2rdacontent _3كتاب |
||
| 337 |
_aبدون وسيط _bn _2rdamedia |
||
| 504 | _aببليوجرافية : صفحة 91-92. | ||
| 600 | 0 | 7 |
_aمحمد (صلى الله عليه وسلم)، _d53 قبل الهجرة-11 هجري _2aucnm |
| 650 | 7 |
_aالسيرة النبوية _2aucsh |
|
| 942 |
_2ddc _cBOOK _n0 |
||
| 949 |
_aSA-JeALM _d260108 _uosman123 _n1 |
||
| 999 |
_c13970 _d13970 |
||